20 Länder auf einer leeren Karte - Statistiken

Allgemein
  • Dieses Quiz wurde 14.466 mal gespielt
  • Das Durchschnittsergebnis liegt bei 12 aus 20
Antworten auf der Karte
Die Antworten werden auf der Karte rot bzw. grün angezeigt, abhängig davon wie oft sie richtig erraten wurden.
 
Antwortstatistiken
Land % Korrekt
Kanada
97%
Argentinien
84%
Neuseeland
79%
Frankreich
72%
Indien
69%
Nord Korea
64%
Belarus
58%
Myanmar
56%
Namibia
56%
Bhutan
55%
Madagaskar
55%
Malaysia
55%
Libyen
52%
Slowakei
52%
Papua Neu Guinea
49%
Mosambik
49%
Kenia
47%
Nigeria
46%
Honduras
44%
Oman
41%
Keine übereinstimmenden Quizze gefunden
Verteilung der Resultate
Anzahl Personen mit jedem Resultat
Perzentil nach korrekt beantworteten Fragen
Ihre Resultats-Entwicklung
Sie haben dieses Quiz noch nicht gespielt